00604 2200169 4500245004900000020002200049250001100071100001800082650002000100005001900120260003700139041001400176084000800190300002900198500019800227336000900425 aSurat Kecil untuk TuhancAgnes DavonarhText a978-979-056-157-1 aCet. 1 aAgnes Davonar aNovel Indonesia a20231002140206 aJakartabFalcon Publishingc2016 aIndonesia a813 aviii, 215 hlm. :c19 cm. aAnton dan angel menjadi yatim piatu karena kecelakaan yang membuat orang tua mereka meninggal sejak saat itu mereka dirawat oleh om rudy yang kemudian menjadikan mereka pengamen di lampu merah. atext